[Event "World-chT Rapid"]
[Site "Dusseldorf"]
[Date "2023.08.26"]
[Round "2.15"]
[White "Wasserfallen, Benedict"]
[Black "Bartelt, Max Peter"]
[Result "1-0"]
[WhiteElo "1853"]
[BlackElo "2025"]
[PlyCount "93"]
[EventDate "2023.08.26"]
[EventType "team-swiss (rapid)"]
[EventRounds "12"]
[EventCountry "GER"]
[SourceTitle "CBM 215 Extra"]
[Source "ChessBase"]
[SourceDate "2023.09.30"]
[SourceVersion "1"]
[SourceVersionDate "2023.09.30"]
[SourceQuality "1"]
[WhiteTeam "Lausanne Ecole Polytechnique"]
[BlackTeam "Wensing & Poebel"]
[WhiteTeamCountry "SUI"]
[BlackTeamCountry "GER"]

1. e4 e6 2. d4 d5 3. Nc3 Nf6 4. Bg5 Be7 5. e5 Nfd7 6. h4 a6 7. Qg4 Bxg5 8. hxg5 c5 9. g6 h6 10. gxf7+ Kxf7 11. Bd3 Qe7 12. f4 cxd4 13. Nce2 Nc6 14. Nf3 Ke8 15. 0-0-0 Kd8 16. Nexd4 Nc5 17. Bg6 Kc7 18. Ng5 Bd7 19. Nf7 Rhf8 20. Nd6 Rad8 21. a3 b6 22. Rh3 Nb7 23. Nxb7 Kxb7 24. Rb3 Na5 25. Rbd3 Rc8 26. Kb1 Nc4 27. g3 Rc7 28. Qe2 Rfc8 29. Rc3 Na5 30. Rxc7+ Rxc7 31. Bd3 b5 32. f5 Nc6 33. Nxc6 Rxc6 34. g4 Qg5 35. Rf1 h5 36. f6 gxf6 37. exf6 Rc8 38. f7 Rf8 39. gxh5 e5 40. Bg6 Bg4 41. Qd3 Kc6 42. Qc3+ Kd6 43. Qb4+ Kc6 44. Qxf8 Be2 45. Qe8+ Kb6 46. Qe6+ Ka5 47. f8Q 1-0

[Event "Reykjavik op"]
[Site "Reykjavik"]
[Date "2023.04.03"]
[Round "8"]
[White "Attinger, Roman Rae"]
[Black "Bartelt, Max Peter"]
[Result "1-0"]
[WhiteElo "1768"]
[BlackElo "2031"]
[PlyCount "57"]
[EventDate "2023.03.29"]
[EventType "swiss"]
[EventRounds "9"]
[EventCountry "ISL"]
[SourceTitle "EXT 2024"]
[Source "ChessBase"]
[SourceDate "2023.10.10"]
[SourceVersion "1"]
[SourceVersionDate "2023.10.10"]
[SourceQuality "1"]

1. d4 d5 2. Nc3 Nf6 3. Bf4 c5 4. e3 Nc6 5. Nb5 Bf5 6. Nc7+ Kd7 7. Nxa8 Qxa8 8. Nf3 e6 9. c3 c4 10. Be2 Be7 11. Ne5+ Nxe5 12. dxe5 Ne4 13. Bxc4 b6 14. f3 Nc5 15. e4 Kc8 16. exd5 g5 17. Bg3 g4 18. b4 Nd7 19. d6 Bg5 20. 0-0 h5 21. f4 Bd8 22. Bd3 h4 23. Bxf5 hxg3 24. Bxg4 b5 25. h3 Bb6+ 26. Kh1 Qe4 27. Qf3 Qg6 28. Qxg3 f5 29. exf6 1-0

[Event "EU-ch Rapid"]
[Site "Katowice"]
[Date "2022.12.17"]
[Round "2"]
[White "Bartelt, Max Peter"]
[Black "Kozak, Antoni"]
[Result "0-1"]
[WhiteElo "2026"]
[BlackElo "2422"]
[PlyCount "96"]
[EventDate "2022.12.17"]
[EventType "swiss (rapid)"]
[EventRounds "11"]
[EventCountry "POL"]
[SourceTitle "CBM 211 Extra"]
[Source "ChessBase"]
[SourceDate "2023.01.31"]
[SourceVersion "1"]
[SourceVersionDate "2023.01.31"]
[SourceQuality "1"]

1. d4 d5 2. Nf3 Nf6 3. g3 Bf5 4. Bg2 e6 5. 0-0 h6 6. c4 c6 7. Nc3 Nbd7 8. Nd2 Be7 9. e4 dxe4 10. Ndxe4 0-0 11. Be3 Qa5 12. a3 Qa6 13. b3 Rfd8 14. Qe2 Nxe4 15. Nxe4 Nf6 16. Nc3 Rd7 17. b4 Rc8 18. Rfd1 Bd8 19. Qa2 Ng4 20. Bf4 Bg5 21. Bxg5 hxg5 22. Rac1 Nf6 23. d5 cxd5 24. cxd5 exd5 25. Nxd5 Rxc1 26. Rxc1 Nxd5 27. Bxd5 Qd3 28. Bg2 g4 29. Bf1 Qf3 30. Qe2 Qxa3 31. Qe8+ Kh7 32. Rc5 Qf3 33. Be2 Rd1+ 34. Bxd1 Qxd1+ 35. Kg2 Bd3 36. h4 Qf1+ 37. Kh2 Qxf2+ 38. Kh1 Qf1+ 39. Kh2 Qh3+ 40. Kg1 Qxg3+ 41. Kh1 Qxh4+ 42. Kg1 Qg3+ 43. Kh1 Qf3+ 44. Kg1 g3 45. Qe1 Be4 46. Rh5+ Kg6 47. Rh2 gxh2+ 48. Kxh2 Qg2# 0-1